Smart contract module for Polkadot

Saved in:
Bibliographic Details
Main Author: Bitarovský, Roman (Author)
Other Authors: Valaštín, Viktor (Thesis advisor)
Format: Manuscript Book
Language:Slovak
English
Published: 2023
Subjects:
Online Access:http://is.stuba.sk/zp/portal_zp.pl?podrobnosti=160495
Tags: Add Tag
No Tags, Be the first to tag this record!

MARC

LEADER 00000ntm a22000003a 4500
001 stuzp92405
003 SK-STU
005 20230909213038.3
007 ta
008 150427s2015----xo-----f-mn---000-0-slo-d
040 |a STU  |b slo 
041 0 |a eng 
100 1 |a Bitarovský, Roman  |u 070400  |4 aut  |U FIIT Fakulta informatiky a informačných technológií  |T FIIT Ústav počítačového inžinierstva a aplikovanej informatiky  |X 102870  |U I400  |Y 672  |7 102870 
242 0 1 |a Smart contract modul pre Polkadot  |y slo 
245 1 0 |a Smart contract module for Polkadot 
260 |c 2023 
650 4 |a smart contract  |2 slo 
650 4 |a polkadot  |2 slo 
650 4 |a stávkovanie  |2 slo 
650 4 |a NFT  |2 slo 
650 4 |a smart contract  |2 eng 
650 4 |a polkadot  |2 eng 
650 4 |a staking  |2 eng 
650 4 |a NFT  |2 eng 
700 1 |a Valaštín, Viktor  |u 070400  |k Z9  |4 ths  |U FIIT Fakulta informatiky a informačných technológií  |T FIIT Ústav počítačového inžinierstva a aplikovanej informatiky  |X 86058  |U I400  |Y 672  |7 86058 
856 4 |u http://is.stuba.sk/zp/portal_zp.pl?podrobnosti=160495